<?xml version='1.0' encoding='UTF-8'?>
  <record xmlns="http://www.loc.gov/MARC21/slim">
    <leader>00000cam a22000007i 4500</leader>
    <controlfield tag="001">ocm69052684</controlfield>
    <controlfield tag="003">OCoLC</controlfield>
    <controlfield tag="005">20251126175457.3</controlfield>
    <controlfield tag="008">960116s1598    ne            000 0 dut d</controlfield>
    <datafield tag="040" ind1=" " ind2=" ">
      <subfield code="a">NLGGC</subfield>
      <subfield code="b">dut</subfield>
      <subfield code="e">fobidrtb</subfield>
      <subfield code="c">NLGGC</subfield>
    </datafield>
    <datafield tag="029" ind1="0" ind2=" ">
      <subfield code="a">NLGGC</subfield>
      <subfield code="b">144206188</subfield>
    </datafield>
    <datafield tag="035" ind1=" " ind2=" ">
      <subfield code="a">(OCoLC)69052684</subfield>
    </datafield>
    <datafield tag="245" ind1="0" ind2="0">
      <subfield code="a">Bulle ofte aflaets-brief van de heylighe cruysvaert, ghegunt ... door ... Sixtus de vijfde ... in faveur der gener die behulpich en dienstigh zyn, int oorlogh ... aen Philippus coninck van Spagnien, tegens d'ongheloovighen ende ketters. /</subfield>
      <subfield code="c">ghetranslateert uyt de Spaensche ... door een liefhebber van de oprechte ende suyvere apostolische catholische leere.</subfield>
    </datafield>
    <datafield tag="260" ind1=" " ind2=" ">
      <subfield code="a">[Haarlem] :</subfield>
      <subfield code="b">[Gillis Rooman],</subfield>
      <subfield code="c">1598.</subfield>
    </datafield>
    <datafield tag="300" ind1=" " ind2=" ">
      <subfield code="a">[15] p. ;</subfield>
      <subfield code="c">in-4.</subfield>
    </datafield>
    <datafield tag="336" ind1=" " ind2=" ">
      <subfield code="a">tekst</subfield>
      <subfield code="b">txt</subfield>
      <subfield code="2">rdacontent/dut</subfield>
    </datafield>
    <datafield tag="337" ind1=" " ind2=" ">
      <subfield code="a">zonder medium</subfield>
      <subfield code="b">n</subfield>
      <subfield code="2">rdamedia/dut</subfield>
    </datafield>
    <datafield tag="338" ind1=" " ind2=" ">
      <subfield code="a">band</subfield>
      <subfield code="b">nc</subfield>
      <subfield code="2">rdacarrier/dut</subfield>
    </datafield>
    <datafield tag="500" ind1=" " ind2=" ">
      <subfield code="a">Collatieformule: A-B 4.</subfield>
    </datafield>
    <datafield tag="500" ind1=" " ind2=" ">
      <subfield code="a">Boven de titel: 1591.</subfield>
    </datafield>
    <datafield tag="510" ind1="0" ind2=" ">
      <subfield code="a">TB 867</subfield>
    </datafield>
    <datafield tag="510" ind1="0" ind2=" ">
      <subfield code="a">Knuttel 881</subfield>
    </datafield>
    <datafield tag="510" ind1="0" ind2=" ">
      <subfield code="a">Van der Wulp 8779</subfield>
    </datafield>
    <datafield tag="510" ind1="0" ind2=" ">
      <subfield code="a">Van Someren 160</subfield>
    </datafield>
    <datafield tag="530" ind1=" " ind2=" ">
      <subfield code="a">Titel is geselecteerd voor digitalisering voor de Universiteit van Amsterdam in het kader van het Google Books-project.</subfield>
    </datafield>
    <datafield tag="700" ind1="1" ind2=" ">
      <subfield code="a">Rooman, Gillis</subfield>
      <subfield code="c">Haarlem.</subfield>
      <subfield code="4">prt</subfield>
      <subfield code="0">(NL-LeOCL)11317554X</subfield>
    </datafield>
    <datafield tag="776" ind1="0" ind2=" ">
      <subfield code="t">Bulle ofte aflaets-brief van de heylighe cruysvaert, ghegunt ... door ... Sixtus de vijfde ... in faveur der gener die behulpich en dienstigh zyn, int oorlogh ... aen Philippus coninck van Spagnien, tegens d'ongheloovighen ende ketters.</subfield>
      <subfield code="w">(NL-LeOCL)377546941</subfield>
    </datafield>
    <datafield tag="776" ind1="0" ind2=" ">
      <subfield code="t">Bulle ofte aflaets-brief van de heylighe cruysvaert, ghegunt ... door ... Sixtus de vijfde ... in faveur der gener die behulpich en dienstigh zyn, int oorlogh ... aen Philippus coninck van Spagnien, tegens d'ongheloovighen ende ketters.</subfield>
      <subfield code="w">(NL-LeOCL)401847519</subfield>
    </datafield>
    <datafield tag="856" ind1="4" ind2="2">
      <subfield code="y">Short Title Catalogue, Netherlands</subfield>
      <subfield code="u">http://resolver.kb.nl/resolve?urn=STCN:853257302:record</subfield>
      <subfield code="z">zie de oorspronkelijke beschrijving bij de STCN voor mogelijk overige vindplaatsen</subfield>
      <subfield code="7">0</subfield>
    </datafield>
    <datafield tag="936" ind1=" " ind2=" ">
      <subfield code="a">BATCHLOAD</subfield>
    </datafield>
  </record>